banner-ar

CAIRO: THE SITE AND THE HISTORY / (Record no. 25060)

MARC details
000 -الفاتح
حقل البيانات ثابتة الطول 00545nam a2200217Ia 4500
008 - عناصر البيانات ثابتة الطول - معلومات عامة
حقل البيانات ثابتة الطول 140319s9999 xx 000 0 eng d
040 ## - مصدر الفهرسة
وكالة الفهرسة الأصلية GCL /
وكالة النسخ GCL
082 04 - رقم تصنيف ديوى العشرى
رقم التصنيف CC
رقم المادة 962.16
-- S C
100 1# - المدخل الرئيسى - إسم شخصى
الإسم الشخصى MORSI SAAD EL-DIN
245 10 - بيان العنوان
العنوان CAIRO: THE SITE AND THE HISTORY /
بيان المسئوليه,etc MORSI SAAD EL-DIN
700 1# - المدخل الاضافى - اسم شخصى
الإسم الشخصى GAMAL MOKHTAR
700 1# - المدخل الاضافى - اسم شخصى
الإسم الشخصى MAHER, SAAD
700 1# - المدخل الاضافى - اسم شخصى
الإسم الشخصى GAWDAT GABRA
260 ## - PUBLICATION, DISTRIBUTION, ETC. (IMPRINT)
تاريخ النشر أو التوزيع 1988
300 ## - الوصف المادى
التعداد 99 P
650 04 - المدخل الاضافى بالموضوع-مصطلح موضوعى
مصطلح موضوعي EGYPT
650 04 - المدخل الاضافى بالموضوع-مصطلح موضوعى
مصطلح موضوعي HISTORY
650 04 - المدخل الاضافى بالموضوع-مصطلح موضوعى
مصطلح موضوعي CAIRO
942 ## - عناصر المدخل الإضافي( كوها)
مصدر التصنيف او مخطط الترفيف Dewey Decimal Classification
Koha [default] item type كتاب
260 ## - PUBLICATION, DISTRIBUTION, ETC. (IMPRINT)
-- [S.N] :
-- STACEY INTERNATIONAL ،
Holdings
حالة التراجع حالة الفقد حالة تلف ليس للاعارة المكان المؤقت الموقع الحالى تاريخ الاكتساب اجمالي اﻻعارات رقم الطلب الباركود تاريخ اخر مشاهدة تاريخ تفعيل السعر نوع وعاء كوها
        مكتبة القاهرة الكبرى مكتبة القاهرة الكبرى 03/26/2014   CC\962.16\S C 44230 03/26/2014 03/26/2014 كتاب
        مكتبة القاهرة الكبرى مكتبة القاهرة الكبرى 03/26/2014   CC\962.16\S C 44231 03/26/2014 03/26/2014 كتاب
        مكتبة القاهرة الكبرى مكتبة القاهرة الكبرى 03/26/2014   CC\962.16\S C 44232 03/26/2014 03/26/2014 كتاب

Powered By

EGPV